Jaime, o Pastilha Elástica (Registo nº 200077)

Detalhes MARC
000 -Etiqueta do registo
Valores 00803nam 22002533 4500
010 ## - Número ISBN
ISBN 972-8708-00-9
021 ## - Número do Depósito Legal
Código do país Portugal
Número 168426/01
100 ## - Dados gerais de processamento
Dados gerais 20260121d u||y0pory50 ba
101 ## - Língua de publicação
Língua Português
102 ## - País de publicação
País Portugal
200 ## - Titulo e menção de responsabilidade
Título próprio Jaime, o Pastilha Elástica
Informação de outro título O Terrível Mosquito
Primeira menção de responsabilidade Manuel Arouca
Outras menções de responsabilidade Ilustração de Rita Maia Moura
205 ## - Menção da edição
Edição 1ª ; 1ª reimp.
210 ## - Publicação
Local de publicação S. João do Estoril
Nome do editor Sopa de Letras
Data de publicação 2002
215 ## - Descrição física 
Paginação / Volumes 126, [2] p. : il.
Outras indicações físicas Brochado
Dimensões 21 cm
300 ## - Notas gerais 
Texto da nota Aventura juvenil
606 ## - Nome comum usado como assunto
ID Autoridade 51
Palavra de ordem Literatura Juvenil Portuguesa
675 ## - CDU
Notação 821.134.3-311.3-93/ARO/JAI
Edição PT
Língua por
700 ## - Autor principal (pessoa individual)
ID Autoridade 2481
Apelido Arouca
Nome Manuel
Datas 1955-
702 ## - Autor secundário (pessoa individual)
ID Autoridade 15876
Apelido Moura
Nome Rita Maia
801 ## - Fonte de origem
País PT
Agência BMMN
Regras de catalogação RPC
830 ## - Notas gerais do catalogador
Criado por Carlos Pinto
Data de criação 21-01-2026
Indexado por Carlos Pinto
990 ## - Elementos KOHA
Tipo de documento Livro
Exemplares
Situação do levantamento Biblioteca de origem Código de barras Cota Permissão de empréstimo Tipo de documento Forma de aquisição
  Biblioteca Escolar nº 2 29148 821.134.3-311.3-93/ARO/JAI   Livro Compra

Powered by Koha